000 00612nam a2200229 a 4500
999 _c8796
_d8796
001 8796
003 BD-JhCC
005 20180529142039.0
008 880808s1956 enk 000 0 eng d
020 _a0582540003
035 _a(BD-JhCC)8796
040 _aSOI
_cSOI
_dEQO
041 _aeng
082 _a421.5
_bCHR 1966
100 1 _aChristophersen, Paul.
245 1 3 _aAn English phonetics course /
_cPaul Christophersen,
260 _aLondon ;
_aNew York :
_bLongmans,
_cc1956 (1976 printing)
300 _a216 p.
_c18 cm.
650 0 _aEnglish language
_xPhonetics
942 _2ddc
_cBK